| 000 -ლიდერი |
| ფიქსირებული სიგრძის საკონტროლო ველი |
01483nam a22002657a 4500 |
| 003 - საკონტროლო ნომრის იდენტიფიკატორი |
| საკონტროლო ველი |
Ge_BSU |
| 005 - ბოლო ოპერაციის თარიღი და დრო |
| საკონტროლო ველი |
20240611150345.0 |
| 008 - ფიქსირებული სიგრძის მონაცემთა ელემენტები - ზოგადი ინფორმაცია |
| ფიქსირებული სიგრძის საკონტროლო ველი |
240611s1974 ge ||||| |||| 00| 0 geo d |
| 041 ## - ენის კოდი |
| Language code of text/sound track or separate title |
geo |
| 080 ## - უნივერსალური ათობითი კლასიფიკაციის ინდექსი |
| Universal Decimal Classification number |
614.253.52 (075.8) ს-36 |
| 245 ## - ცნობა სათაურის შესახებ |
| Title |
სახელმძღვანელო მედდების მოსამზადებლად : 2 ტომად : |
| Remainder of title |
[სახელმძღვანელო სტუდენტებისთვის]. ტ. 2 / |
| Statement of responsibility, etc |
ა.კალანდია, კ. გოგიჩაძე, გ.ხეცურიანი, ა. ცინაძე. |
| 264 ## - წარმოების, გამოცემის, დისტრიბუციის და სხვა ცნობები |
| გამოცემის, წარმოების, დისტრიბუციის... ადგილი |
თბილისი : |
| გამოცემის, წარმოების, დისტრიბუციის... სახელწოდება |
თბილ. უნ-ტის გამ-ბა, |
| გამოცემის, წარმოების, დისტრიბუციის... თარიღი |
1974. |
| 300 ## - ფიზიკური აღწერა |
| Extent |
421 გვ. : |
| Other physical details |
ილ.; |
| Dimensions |
22 სმ. |
| 653 ## - INDEX TERM--UNCONTROLLED |
| Uncontrolled term |
ადამიანის ანატომია |
| 653 ## - INDEX TERM--UNCONTROLLED |
| Uncontrolled term |
ადამიანის ფიზიოლოგია |
| 653 ## - INDEX TERM--UNCONTROLLED |
| Uncontrolled term |
წამალთმცოდნეობა |
| 653 ## - INDEX TERM--UNCONTROLLED |
| Uncontrolled term |
შინაგანი დაავადებები |
| 653 ## - INDEX TERM--UNCONTROLLED |
| Uncontrolled term |
დაშავებულთა მოვლა |
| 653 ## - INDEX TERM--UNCONTROLLED |
| Uncontrolled term |
მედდების მომზადება |
| 700 ## - ADDED ENTRY--PERSONAL NAME |
| Personal name |
კალანდია, ა. |
| Relator term |
ავტორი |
| 9 (RLIN) |
10752 |
| 700 ## - ADDED ENTRY--PERSONAL NAME |
| Personal name |
გოგიჩაძე, კ. |
| Relator term |
ავტორი |
| 9 (RLIN) |
22395 |
| 700 ## - ADDED ENTRY--PERSONAL NAME |
| Personal name |
ხეცურიანი, გ. |
| Relator term |
ავტორი |
| 9 (RLIN) |
22396 |
| 700 ## - ADDED ENTRY--PERSONAL NAME |
| Personal name |
ცინაძე, ა. |
| Relator term |
ავტორი |
| 9 (RLIN) |
22397 |
| 942 ## - ADDED ENTRY ELEMENTS (KOHA) |
| Source of classification or shelving scheme |
|
| Koha item type |
წიგნი |